Most Common Slovenian Names - Men - Statistics

General Stats
  • This quiz has been taken 172 times
  • The average score is 30 of 100
Answer Stats
Hint Answer % Correct
8805 Jan
87%
14053 Luka
87%
4548 Mark
68%
18018 Janez
64%
11621 Peter
64%
11907 Matej
62%
17172 Marko
60%
9429 Miha
57%
7405 Žan
55%
6058 Jaka
53%
19014 Franc
51%
12618 Jože
51%
16191 Andrej
49%
7415 Jure
45%
5997 Nik
45%
9194 David
43%
10215 Rok
43%
4267 Tim
43%
3177 Andraž
40%
9283 Gregor
40%
14675 Ivan
40%
5631 Jernej
40%
5245 Filip
38%
11129 Tomaž
38%
7880 Žiga
38%
3767 Goran
36%
9375 Matjaž
36%
4097 Vid
36%
14266 Anton
34%
3908 Domen
34%
8458 Martin
34%
3395 Matevž
34%
10518 Milan
34%
7909 Nejc
34%
6582 Simon
34%
5193 Tadej
34%
3240 Lovro
32%
11121 Marjan
32%
9987 Robert
32%
5415 Aleksander
30%
5926 Anže
30%
7005 Blaž
30%
8262 Igor
30%
6067 Jakob
30%
6751 Matic
30%
5526 Aljaž
28%
5916 Alojz
28%
10127 Bojan
28%
6130 Klemen
28%
4460 Matija
28%
3039 Mihael
28%
2870 Benjamin
26%
7581 Boris
26%
8493 Dejan
26%
3020 Gal
26%
5669 Gašper
26%
3086 Jurij
26%
4104 Alen
23%
9684 Branko
23%
3663 Danijel
23%
4987 Miran
23%
5694 Primož
23%
4214 Tilen
23%
10364 Aleš
21%
2397 Anej
21%
2868 Erik
21%
3646 Leon
21%
6659 Mitja
21%
4183 Štefan
21%
3315 Urban
21%
9596 Boštjan
19%
5239 Denis
19%
3197 Maks
19%
3642 Mirko
19%
4149 Zoran
19%
7366 Dušan
17%
3841 Janko
17%
7079 Uroš
17%
11848 Jožef
15%
2616 Lan
15%
4833 Roman
15%
3066 Sašo
15%
3845 Slavko
15%
3136 Stanko
15%
4145 Borut
13%
4282 Damjan
13%
6053 Darko
13%
5108 Drago
13%
2729 Maj
13%
3650 Miroslav
13%
4070 Vladimir
13%
2991 Dragan
11%
2497 Marijan
11%
2475 Patrik
11%
3900 Srečko
11%
2550 Viktor
11%
2489 Vinko
11%
2531 Samo
9%
7510 Stanislav
9%
2956 Iztok
6%
No matching quizzes found
Score Distribution
Percent of People with Each Score
Percentile by Number Answered
Your Score History
You have not taken this quiz